<?xml version="1.0" encoding="UTF-8"?>
<record
    xmlns:xsi="http://www.w3.org/2001/XMLSchema-instance"
    xsi:schemaLocation="http://www.loc.gov/MARC21/slim http://www.loc.gov/standards/marcxml/schema/MARC21slim.xsd"
    xmlns="http://www.loc.gov/MARC21/slim">

  <leader>00797cam a22002171  4500</leader>
  <controlfield tag="001">af 47003133 </controlfield>
  <controlfield tag="003">DLC</controlfield>
  <controlfield tag="005">20260227110818.0</controlfield>
  <controlfield tag="008">850305s1940    gw            000 0 ger  </controlfield>
  <datafield tag="010" ind1=" " ind2=" ">
    <subfield code="a">af 47003133 </subfield>
  </datafield>
  <datafield tag="035" ind1=" " ind2=" ">
    <subfield code="a">(OCoLC)13248074</subfield>
  </datafield>
  <datafield tag="040" ind1=" " ind2=" ">
    <subfield code="a">DLC</subfield>
    <subfield code="c">MnU</subfield>
    <subfield code="d">OCoLC</subfield>
    <subfield code="d">DLC</subfield>
  </datafield>
  <datafield tag="042" ind1=" " ind2=" ">
    <subfield code="a">premarc</subfield>
  </datafield>
  <datafield tag="050" ind1="0" ind2="0">
    <subfield code="a">PT8175.B8</subfield>
    <subfield code="b">H83</subfield>
  </datafield>
  <datafield tag="100" ind1="1" ind2=" ">
    <subfield code="a">Bruun, Laurids,</subfield>
    <subfield code="d">1864-1935.</subfield>
  </datafield>
  <datafield tag="245" ind1="1" ind2="0">
    <subfield code="a">Van Zantens t&#xF6;richte liebe;</subfield>
    <subfield code="b">aus bisher ungedruckten papieren van Zantens, mit vorwort, erg&#xE4;nzungen und nachwort des herausgebers. Van Zantens wundersame reise,</subfield>
    <subfield code="c">herausgegeben von Laurids Bruun.</subfield>
  </datafield>
  <datafield tag="260" ind1=" " ind2=" ">
    <subfield code="a">L&#xFC;beck,</subfield>
    <subfield code="a">Leipzig,</subfield>
    <subfield code="b">Ant&#xE4;us-verlag</subfield>
    <subfield code="c">[1940]</subfield>
  </datafield>
  <datafield tag="300" ind1=" " ind2=" ">
    <subfield code="a">333, [1] p.</subfield>
    <subfield code="c">19 cm.</subfield>
  </datafield>
  <datafield tag="500" ind1=" " ind2=" ">
    <subfield code="a">"Einzig berechtigte &#xFC;bertragung aus dem d&#xE4;nischen."</subfield>
  </datafield>
  <datafield tag="740" ind1="0" ind2=" ">
    <subfield code="a">Van Zantens wundersame reise.</subfield>
  </datafield>
  <datafield tag="999" ind1=" " ind2=" ">
    <subfield code="c">2042</subfield>
    <subfield code="d">2042</subfield>
  </datafield>
</record>
